Characterization of cinnamyl alcohol dehydrogenase gene involved in lignification for improving timber quality in Hevea brasiliensis (Record no. 48861)

MARC details
000 -LEADER
fixed length control field 00636nam a2200169Ia 4500
100 ## - MAIN ENTRY--AUTHOR NAME
Personal name Saha T
245 #0 - TITLE STATEMENT
Title Characterization of cinnamyl alcohol dehydrogenase gene involved in lignification for improving timber quality in Hevea brasiliensis
260 ## - PUBLICATION, DISTRIBUTION, ETC. (IMPRINT)
Name of publisher Proceedings of 24th Kerala Science Congress, 29-31 January 2012, Rubber Research Institute of India, Kottayam, India, pp.226-227
650 ## - SUBJECT ADDED ENTRY--TOPICAL TERM
Topical Term CAD gene
650 ## - SUBJECT ADDED ENTRY--TOPICAL TERM
Topical Term Cinnamyl alcohol dehydrogenase gene
650 ## - SUBJECT ADDED ENTRY--TOPICAL TERM
Topical Term Lignification
650 ## - SUBJECT ADDED ENTRY--TOPICAL TERM
Topical Term Timber qulaity
700 ## - ADDED ENTRY--PERSONAL NAME
Personal name Ravindran M
700 ## - ADDED ENTRY--PERSONAL NAME
Personal name Uthup T K
942 ## - ADDED ENTRY ELEMENTS (KOHA)
Koha item type Bibliography STAF
Holdings
Withdrawn status Lost status Damaged status Not for loan Home library Current library Shelving location Date acquired Koha item type
      Bibliography RRII Library RRII Library Biotechnology 14/05/2012 Bibliography STAF